| 000 | 00000nam 2200000za 4500 |
| 001 | 9.664647 |
| 003 | CaOODSP |
| 005 | 20210615121743 |
| 007 | ta |
| 008 | 150407s1993||||xxc||||| f|0| 0 eng d |
| 040 | |aCaOODSP|beng |
| 041 | |aeng |
| 041 | |afre |
| 043 | |an-cn--- |
| 086 | 1 |aCH37-4/1-1993 |
| 110 | 1 |aCanada.|bCanadian Heritage. |bHuman Rights Directorate. |
| 245 | 10|aCanadian Charter of Rights and Freedoms |
| 260 | |aOttawa - Ontario : |bCanadian Heritage. |c1993. |
| 300 | |a1 sheet. : |billus. ; |c28 cm. |
| 563 | |aPoster |
| 590 | |a03-18|b2003-05-02 |
| 690 | 07|aCharter of rights and freedoms|2gcpds |
| 690 | 07|aCivil rights|2gcpds |
| 776 | 0#|tCharte canadienne des droits et libertés.|w(CaOODSP)9.644021 |
| 776 | 0#|tThe Canadian Charter of Rights and Freedoms |w(CaOODSP)9.648907 |
| 776 | 0#|tThe Canadian Charter of Rights and Freedoms |w(CaOODSP)9.648908 |
| 776 | 0#|tCharte canadienne des droits et libertés |w(CaOODSP)9.664684 |
| 776 | 0#|tLa Charte canadienne des droits et libertés |w(CaOODSP)9.682159 |
| 776 | 0#|tCanadian Charter of Rights and Freedoms.|w(CaOODSP)9.700116 |
| 776 | 0#|tLa Charte canadienne des droits et libertés |w(CaOODSP)9.682160 |
| 792 | |tCharte canadienne des droits et libertés |efre|w(CaOODSP)9.664648 |
| 794 | |tCanadian Charter of Rights and Freedoms |w(CaOODSP)9.664649 |